000 00752nam a2200241 a 4500
001 000043649
003 DO-SdBNP
005 20240412074303.0
008 091005s2004 dr a 000 p spa d
040 _aDO-SdBNP
_bspa
_cBNPHU
082 _aRD861.44
_bH557c, 2004
_222
100 1 _aHernández M. , Edgar
_9987
245 1 3 _aEl contenido de la patria /
_cEdgar Hernández M.
250 _a2a. ed.
260 _aSanto Domingo :
_bCorripio,
_c2004.
300 _a124 p. ;
_c22 cm.
500 _aIncluye datos biográficos del autor en las solapas de la cubierta
590 _aInventariado, 2018/LP
650 0 _aPoesía dominicana
_966
650 0 _aLiteratura dominicana.
_967
910 _aValidado. Control de calidad MFF
942 _2ddc
_cLBS1
999 _c43138
_d43138